Beyond Technical Knowledge: Soft Skills and the Employability of Economics Students (A Slovak Study – Part 3/4: Challenges and Opportunities)

Skúmanie dôležitosti mäkkých zručností pri zvyšovaní zamestnateľnosti študentov ekonómie na Slovensku.

Saved in:
Bibliographic Details
Main Author: Krajčík Danišová, Sonia, 1981-
Format: Book Chapter
Language:English
Subjects:
Tags: Add Tag
No Tags, Be the first to tag this record!

MARC

LEADER 00000naa$a2200000$$$4500
001 0313920
005 20260113105248.8
041 0 |a eng 
044 |a CZ 
245 1 0 |a Beyond Technical Knowledge: Soft Skills and the Employability of Economics Students (A Slovak Study – Part 3/4: Challenges and Opportunities)  |c Sonia Krajčík Danišová 
520 |a Skúmanie dôležitosti mäkkých zručností pri zvyšovaní zamestnateľnosti študentov ekonómie na Slovensku. 
610 2 0 |a zručnosti mäkké 
610 2 0 |a ekonómia 
610 2 0 |a študenti 
610 2 0 |a zamestnateľnosť 
610 2 0 |a trh práce 
610 2 0 |a zručnosti sociálne 
610 2 0 |a kompetencie 
610 2 0 |a kompetencie komunikačné 
610 2 0 |a absolventi 
610 2 0 |a spolupráca intelektuálna 
610 2 0 |a spolupráca vedecká 
610 2 0 |a univerzity 
610 2 0 |a podnik 
100 1 |a Krajčík Danišová, Sonia, 1981-